Artistes ayant collaborer avec Hamza - Statistiques

Statistiques générales
  • Ce quiz a été pris 526 fois
    310 depuis la dernière actualisation
  • Le résultat moyen est 19 sur 71
Statistiques - réponses
Année Artistes % Correct
2016 Damso
95%
2019 SCH
80%
2020 PLK
74%
2019 Aya nakamura
69%
2022 Tiakola
68%
2021 Ninho
66%
2020-21 Gazo
63%
2021 Kaaris
62%
2017 Cheu-B
54%
2016 B la B
52%
2019 Gambi
52%
2021 Niska
51%
2024 Werenoi
50%
2023 Offset
49%
2019 Christine and the Queens
47%
2019 Koba
45%
2021 Leto
43%
2021 Zed
43%
2021 Guy2bezbar
41%
2019 13 Block
37%
2022 Dinos
37%
2019 Oxmo puccino
37%
2020 Josman
36%
2022 Tayc
34%
2023 Gradur
33%
2023 CKay
31%
2021 Laylow
29%
2022 Dadju
28%
2022 Vald
27%
2022 Kalash
26%
2020-21 Rim'k
26%
2021 El Grande Toto
24%
2022 ZEG P
24%
2021 Franglish
23%
2016 Joke
22%
2022 Alonzo
20%
2021 Headie one
20%
2018 Caballero et Jean Jass
19%
2019 A.CHAL
17%
2016 Dolfa
17%
2023 Kekra
17%
2022 ASHE 22
16%
2024 Reezy
16%
2020 Soolking
16%
2023 HD La Relève
15%
2020 Chily
14%
2018 The Magician
14%
2016-18 Ikaz boi
13%
2023 Oldpee
13%
2019 Young ADZ
13%
2017 Disiz
12%
2021 Larry
12%
2016 Myth Syzer
12%
2023 Prinzly
12%
2016 Ramriddlz
12%
2022 Ashanti
10%
2020 Lous and the Yakuza
10%
2022 Aitch
9%
2016 Alkapote
6%
2020 CYPH3R
5%
2016 Seth Geko
5%
2019 French Montana
4%
2019 Binks Beatz
3%
2019 Farid Bang
3%
2019 Bon gamin
2%
2016 DTWEEZER
2%
2017 KC Rebell
2%
2019 Khaled
2%
2023 Luciano
2%
2019 Jaegen
1%
2017 Summer Cem
1%
Aucun quiz correspondant
Distribution des résultats
% des personnes avec chaque résultat
Percentile par nombre de réponses
Votre historique - résultats
Vous n’avez pas pris ce quiz depuis la dernière actualisation